Tilastot visalle Suomen ulkoministerit

Klikkaa tästä pelataksesi tätä visaa!

Yleistilastot

  • Tätä visaa on pelattu 181 kertaa
    (123 viimeisimmän päivityksen jälkeen)
  • Keskiarvotulos 32 / 59

Vastaustilastot

MinisterivuodetUlkoministeriPuolue% Oikein
1993-1995Heikki HaavistoKeskusta
99%
2019-Pekka HaavistoVihreät
99%
2015-2019Timo SoiniPerussuomalaiset, Sininen tulevaisuus
94%
2008-2011Alexander StubbKokoomus
90%
2011-2015Erkki TuomiojaSDP
87%
2000-2007Erkki TuomiojaSDP
87%
1954Urho KekkonenMaalaisliitto
86%
1952-1953Urho KekkonenMaalaisliitto
86%
1951-1952Sakari Tuomiojaammattiministeri
85%
1995-2000Tarja HalonenSDP
84%
1957Johannes VirolainenMaalaisliitto
82%
1954-1956Johannes VirolainenMaalaisliitto
82%
1958Johannes VirolainenMaalaisliitto
82%
1987-1989Kalevi SorsaSDP
82%
1975-1976Kalevi SorsaSDP
82%
1972Kalevi SorsaSDP
82%
1964-1970Ahti KarjalainenMaalaisliitto
80%
1972-1975Ahti KarjalainenMaalaisliitto
80%
1961-1962Ahti KarjalainenMaalaisliitto
80%
1991-1993Paavo VäyrynenKeskusta
79%
1983-1987Paavo VäyrynenKeskusta
79%
1977-1982Paavo VäyrynenKeskusta
79%
2007-2008Ilkka KanervaKokoomus
77%
1989-1991Pertti PaasioSDP
72%
1939-1940Väinö TannerSDP
66%
1958-1959Karl-August FagerholmSDP
55%
1956-1957Ralf TörngrenRKP
54%
1959-1961Ralf TörngrenRKP
54%
1953-1954Ralf TörngrenRKP
54%
1961Vieno Johannes SukselainenMaalaisliitto
51%
1982-1983Pär StenbäckRKP
44%
1932-1936Antti Hackzellammattiministeri
39%
1995Paavo Rantanenammattiministeri
37%
1919-1922Rudolf Holstiammattiministeri, Edistyspuolue
36%
1936-1938Rudolf HolstiEdistyspuolue
36%
1925-1926Eemil Nestor SetäläKokoomus
34%
1938-1939Eljas ErkkoEdistyspuolue
34%
1976-1977Keijo KorhonenKeskusta
34%
1963-1964Jaakko Hallamaammattiministeri
32%
1918-1919Carl Enckellammattiministeri
31%
1922Carl Enckellammattiministeri
31%
1924Carl Enckellammattiministeri
31%
1944-1950Carl Enckellammattiministeri
31%
1925Gustaf Idmanammattiministeri
31%
1943-1944Henrik RamsayRKP
31%
1922-1924Juho VennolaEdistyspuolue
30%
1970-1971Väinö Leskinenammattiministeri
29%
1971-1972Olavi Johannes Mattilaammattiministeri
28%
1975Olavi Johannes Mattilaammattiministeri
28%
1926-1927Väinö VoionmaaSDP
24%
1938Väinö VoionmaaSDP
24%
1918Otto StenrothNuorsuomalainen puolue
23%
1950-1951Åke Gartzammattiministeri
21%
1940-1943Rolf WittingRKP
20%
1924-1925Hjalmar ProcopéRKP
18%
1927-1931Hjalmar Procopéammattiministeri
18%
1957-1958Paavo Hynninenammattiministeri
18%
1931-1932Aarno Yrjö-KoskinenKokoomus
15%
1962-1963Veli MerikoskiSuomen Kansanpuolue
7%

Tulosjakauma

Persentiili vastausten määrän mukaan

Jokaisen tuloksen saaneiden osuus

Tuloshistoriasi

Et ole pelannut tätä visaa sen viimeisimmän päivityksen jälkeen